| 000 | 05448nam a2200253Ia 4500 | ||
|---|---|---|---|
| 003 | Ost | ||
| 005 | 20260507074844.0 | ||
| 008 | 260507s9999||||xx |||||||||||||| ||und|| | ||
| 020 | _a62460699319 | ||
| 040 | _cfsecg | ||
| 041 | _aara | ||
| 082 | _a382 | ||
| 100 |
_aسفيان، بن عبد العزيز _eمؤلف |
||
| 245 | 0 |
_aالاساليب والمعايير الحمائية الجديدة في التجارة الدولية / _c بن عبد العزيز سفيان |
|
| 260 |
_aالجزائر: _bالمكتب الجامعي الحديث, _c2016 |
||
| 300 |
_a294 صفحة؛ _bإيضاحات ؛ _c24 سم |
||
| 504 | _aملاحق ص.247-260 بيبليوغرافيا ص. 261 -279 الجداول والاشكال ص.281-283 | ||
| 520 | _aفي هذا الكتاب : الفصل الاول الاطار النظري والخلفية التارخية لسياسة وأساليب التجارة الادولية أولا : عموميات ومفاهيم حول التجارة الدولية المطلب الاول : ماهية التجارة الدولية وأهميتها المطلب الثاني : أهم النظريات المالمفسرة للتجارة الدولية المطلب الثالث العوامل المؤثرة في التجارب الدولية واسباب التخصص الدولي ثانيا : الاسس النظرية والخلفية التارخية لسياسات التجارة الدولية المطلب الاول : ماهية السياةسة التجارية وأهدافها المطلب الثاني : لمحة تارخية عن السياسة التجارية المطلب الثالث : أنواع السياسات التجارية ثالثا : نظرة المنظمات الاقتصادية الدولية والاقتصاد الاسلامي لسياسة التجارة الدولية المطلب الاول : نظرة منظمة التجارة الدولية للسياسات التجارية الدولية المطلب الثاني السياسات التجارية في ظل الاتفاقيات بيريتون وودز المطلب الثالث : السياسةات التجارية من وجهة النظر الاسلامية الفصل الثاني : الاساليب الحمائية الجديدة في التجارة الدولية أولا : الاسس التطبيقية للأساليب الحمائية في التجارة الدولية المطلب الأول : الأسس والأساليب السعرية المطلب الثاني : الأسس والأساليب الكمية والتنظيمية المطلب الثالث الاسس والاساليب الادارية ثانيا الاساليب الحمائية الجديدة وأثرها على الاقتصاديات النامية المطلب الأول ماهية ومضمون الأساليب الحمائية الجديدة المطلب الثاني : أنواع الأساليب الحمائية الجديدة المطلب الثالث الدول النامية والأساليب الحمائية الجديدة ثالثا : الاساليب الحميائية الجديدة في ظل الأزمة الاقتصادية العالمية المطلب الاول الازمة الاقتصادية العالمية المطلب الثاني الأساليب الحمائية الجديدة الناتجة عن الازمة الاقتصادية العالمية المطلب الثالث : الاشتراطات البيئية كأسلوب حمائي بالازمات الاقتصادية العالمية الفصل الثالث : الاشتراطات البيئية كأسلوب حمائي جديد في التجارة الدولية أولا موقع البعد البيئي في نظرية التجارة الدولية المطلب الاول : مكانة البيئة في الفكر الاقتصادي المطلب الثاني البعد البيئي في نظرية التجارة الدولية المطلب الثالث : تأثير المبادلات التجارية الدولية على البعد البيئي ثانيا المعايير والمتطلبات البيئية كأحد أهم العوائق غير الجمركية في التجارة الدولية المطلب الأول ماهية الادوات والسياسات البيئية المطلب الثاني : أنواع وصور المعايير والاشتراطات البيئية وتأثيرها على القدرة التنافسية للدول المطلب الثالث : قياس أثر المعايير والاشتراطات البيئية على التجارة الدولية ثالثا : تأثير الاشتراطات البيئية على الاقتصاد الوطني الجزائري المطلب الاول : القدرة الانتاجية المحلية للأقتصاد الوطني الجزائري المطلب الثاني : أثر المعايير والاشتراطات البيءية على المتعاملين الاقتصادين المطلب الثالث : المشاكل والحلول الكفيلة بتسهيل نفاذ الصادرات الجزائرية إلى الاسواق الدولية | ||
| 653 | _aالاتفاقيات الحمائية | ||
| 653 | _aالازمة الاقتصادية العالمية | ||
| 653 | _aالمنظمات العالمية | ||
| 653 | _aتجارة خارجية | ||
| 942 | _cكتاب | ||
| 999 |
_c41529 _d41529 |
||